| 000 | 01615nam0a2200349 i 4500 | ||
|---|---|---|---|
| 001 | RU\NLR\BIBL_A\010462452 | ||
| 005 | 20241104063649.0 | ||
| 010 |
_a9785422005468 _9500 |
||
| 021 |
_aRU _b2014-49867 _93014 |
||
| 035 | _a(NILC)RuMoRGB-007516984 | ||
| 035 | _a(NLR Aleph) 010462452 | ||
| 090 |
_a9983589 _c9983589 |
||
| 100 | _a20140916d2014 km y0rusy50 ca | ||
| 101 | 0 | _arus | |
| 102 | _aRU | ||
| 105 | _aa|||z|||000yy | ||
| 200 | 1 |
_aФормирование позитивного самоотношения сиблингов подросткового возраста _eмонография _fХребина С. В., Нальгиева И. А. _gФедеральное гос. бюджетное образовательное учреждение высш. проф. образования "Пятигорский гос. лингвистический ун-т" |
|
| 210 |
_aПятигорск _cПГЛУ _d2014 |
||
| 215 |
_a188 с. _cил. _d21 |
||
| 320 | _aБиблиогр.: с. 123-136 (204 назв.) | ||
| 606 |
_aСемейные отношения _xПсихологические исследования _92198837 _3RU\NLR\AUTH\661321411 |
||
| 606 |
_aПодростки _xСамоопределение _92304189 _3RU\NLR\AUTH\661379355 |
||
| 686 | 1 | _aС550.537 | |
| 686 | 1 | _aЮ983.723 | |
| 686 | 1 | _aЮ983.402.2 | |
| 700 | 1 |
_aХребина _bС. В. _gСветлана Владимировна |
|
| 701 | 1 |
_aНальгиева _bИ. А. _gИндира Алиевна |
|
| 801 | 0 |
_aRU _bРГБ _c20140708 _gRCR |
|
| 942 | _cBOOK | ||
| 980 | _aNBR | ||